[Event "Guernsey Open 47th"]
[Site "Guernsey"]
[Date "2023.10.18"]
[Round "4"]
[White "Rosen, Daniel B"]
[Black "Hertog, Alexander"]
[Result "0-1"]
[WhiteElo "1981"]
[BlackElo "1626"]
[PlyCount "86"]
[EventDate "2023.10.15"]
[EventType "swiss"]
[EventRounds "7"]
[EventCountry "GCI"]
[SourceVersionDate "2023.10.28"]

1. e4 c6 2. d4 d5 3. exd5 cxd5 4. c4 Nf6 5. Nc3 e6 6. Nf3 Bb4 7. Bd2 Nc6 8. a3
Bxc3 9. Bxc3 O-O 10. c5 Ne4 11. Qc1 e5 12. dxe5 Nxc5 13. Qe3 Ne4 14. Bb5 Bg4
15. O-O Nxc3 16. Bxc6 bxc6 17. Qxc3 Bxf3 18. Qxf3 Qb6 19. Rac1 Qxb2 20. Rxc6
Qxe5 21. Rc5 Rfd8 22. h3 Rd7 23. Qg4 Qe6 24. Qd4 Rad8 25. Rfc1 h6 26. Ra5 a6
27. Qd3 Rd6 28. Qd4 Qf6 29. Qd2 Qg5 30. Qd1 Qf4 31. Ra4 d4 32. Rac4 Qf5 33. Rc5
Qg6 34. Rc8 d3 35. Qd2 Qe4 36. Qa5 Rxc8 37. Rxc8+ Kh7 38. Rc1 d2 39. Rd1 Qc2
40. Qh5 Re6 41. Kh2 Kg8 42. Qg4 h5 43. Qxh5 Re1 0-1

[Event "Guernsey Open 47th"]
[Site "Guernsey"]
[Date "2023.10.18"]
[Round "4"]
[White "Goris, Ton"]
[Black "Dilleigh, Stephen P"]
[Result "1/2-1/2"]
[WhiteElo "1881"]
[BlackElo "2031"]
[PlyCount "37"]
[EventDate "2023.10.15"]
[EventType "swiss"]
[EventRounds "7"]
[EventCountry "GCI"]
[SourceVersionDate "2023.10.28"]

1. e4 e6 2. d4 d5 3. e5 c5 4. c3 Qb6 5. Nf3 Nc6 6. a3 c4 7. Nbd2 Na5 8. g3 Bd7
9. h4 Ne7 10. Bh3 h6 11. O-O O-O-O 12. Rb1 Qc7 13. Re1 Kb8 14. Nf1 Nc8 15. Be3
Be7 16. h5 Rdg8 17. N3h2 Nb6 18. Qf3 Rf8 19. Ng4 1/2-1/2

[Event "Guernsey Open 47th"]
[Site "Guernsey"]
[Date "2023.10.18"]
[Round "4"]
[White "Giulian, Philip M"]
[Black "Dijksterhuis, Rolf"]
[Result "1-0"]
[WhiteElo "2081"]
[BlackElo "1872"]
[PlyCount "55"]
[EventDate "2023.10.15"]
[EventType "swiss"]
[EventRounds "7"]
[EventCountry "GCI"]
[SourceVersionDate "2023.10.28"]

1. d4 d5 2. c4 c6 3. Nf3 Nf6 4. Nc3 e6 5. e3 Nbd7 6. Bd3 dxc4 7. Bxc4 b5 8. Bd3
a6 9. e4 c5 10. e5 cxd4 11. Nxb5 axb5 12. exf6 Qb6 13. O-O gxf6 14. Qe2 Rb8 15.
Rd1 Be7 16. Bf4 e5 17. Bg3 Nc5 18. Nxe5 fxe5 19. Qxe5 O-O 20. Qxe7 Nxd3 21.
Bxb8 Bf5 22. Bd6 Rc8 23. Qg5+ Bg6 24. Rxd3 Qxd6 25. Qg4 Rc4 26. Rad1 h5 27.
Rxd4 Qf6 28. Qd7 1-0

[Event "Guernsey Open 47th"]
[Site "Guernsey"]
[Date "2023.10.18"]
[Round "4"]
[White "Gravett, Alan D"]
[Black "Punnett, Alan K"]
[Result "0-1"]
[WhiteElo "1810"]
[BlackElo "2071"]
[PlyCount "94"]
[EventDate "2023.10.15"]
[EventType "swiss"]
[EventRounds "7"]
[EventCountry "GCI"]
[SourceVersionDate "2023.10.28"]

1. g3 Nf6 2. Bg2 d5 3. Nf3 c6 4. O-O e6 5. d4 Bd6 6. b3 O-O 7. Bb2 Nbd7 8. Nbd2
Qc7 9. c4 b6 10. cxd5 exd5 11. Qc2 Bb7 12. Nh4 Rfe8 13. Rfe1 Rac8 14. e4 dxe4
15. Nxe4 Nxe4 16. Bxe4 Nf6 17. Bf5 Rcd8 18. Bh3 Nd5 19. a3 Be7 20. Nf5 Bf6 21.
Bg2 Qd7 22. h4 c5 23. Bh3 Qc6 24. Kh2 cxd4 25. Qxc6 Bxc6 26. Rxe8+ Bxe8 27.
Bxd4 Bxd4 28. Nxd4 Nf4 29. Re1 Nxh3 30. Kxh3 Kf8 31. Rd1 Rd6 32. Rd2 f6 33. Kg2
Kf7 34. Kf1 Bd7 35. Ke1 Kg6 36. b4 Kh5 37. b5 g5 38. hxg5 fxg5 39. f3 Kg6 40.
Nc6 Rxd2 41. Kxd2 Kf6 42. Ke3 a6 43. a4 axb5 44. axb5 Bxc6 45. bxc6 Ke6 46. f4
gxf4+ 47. gxf4 Kd6 0-1

[Event "Guernsey Open 47th"]
[Site "Guernsey"]
[Date "2023.10.18"]
[Round "4"]
[White "Hamperl, Fred"]
[Black "Ingham, H William"]
[Result "1/2-1/2"]
[WhiteElo "1998"]
[BlackElo "1787"]
[PlyCount "22"]
[EventDate "2023.10.15"]
[EventType "swiss"]
[EventRounds "7"]
[EventCountry "GCI"]
[SourceVersionDate "2023.10.28"]

1. e4 d6 2. f4 d5 3. d3 dxe4 4. dxe4 Qxd1+ 5. Kxd1 Bg4+ 6. Be2 Bxe2+ 7. Kxe2
Nc6 8. Be3 e5 9. Nf3 Bd6 10. f5 Nf6 11. Nbd2 Ng4 1/2-1/2

[Event "Guernsey Open 47th"]
[Site "Guernsey"]
[Date "2023.10.18"]
[Round "4"]
[White "Santos, Joao Artur Almeida"]
[Black "Stockham, Oliver"]
[Result "0-1"]
[WhiteElo "1964"]
[BlackElo "1806"]
[PlyCount "78"]
[EventDate "2023.10.15"]
[EventType "swiss"]
[EventRounds "7"]
[EventCountry "GCI"]
[SourceVersionDate "2023.10.28"]

1. e4 c5 2. Nf3 d6 3. Bb5+ Bd7 4. Bxd7+ Qxd7 5. c4 Nc6 6. d4 cxd4 7. Nxd4 Nf6
8. Nc3 g6 9. f3 Bg7 10. Be3 Rc8 11. O-O O-O 12. b3 a6 13. Rc1 e6 14. Qd2 Nxd4
15. Bxd4 Qe7 16. Rfd1 Rc6 17. Bf2 Ne8 18. Bg3 Bxc3 19. Rxc3 e5 20. Rd3 f6 21.
Bf2 Rf7 22. Qb4 Qc7 23. Rd5 b6 24. Be3 g5 25. Qe1 Rg7 26. Bc1 Re7 27. Ba3 Re6
28. R1d2 b5 29. c5 dxc5 30. Rd7 Qb6 31. Qf2 b4 32. Bb2 Rcd6 33. Kf1 Qb5+ 34.
Qe2 Qxd7 35. Rc2 Rd1+ 36. Kf2 Red6 37. Kg3 Ng7 38. h3 Nh5+ 39. Kh2 Qb5 0-1

[Event "Guernsey Open 47th"]
[Site "Guernsey"]
[Date "2023.10.18"]
[Round "4"]
[White "Giulian, Rosemary A"]
[Black "Rowe, Peter"]
[Result "0-1"]
[WhiteElo "1866"]
[BlackElo "1938"]
[PlyCount "44"]
[EventDate "2023.10.15"]
[EventType "swiss"]
[EventRounds "7"]
[EventCountry "GCI"]
[SourceVersionDate "2023.10.28"]

1. e4 c5 2. c3 e5 3. Nf3 Nc6 4. Bc4 Be7 5. d4 cxd4 6. cxd4 exd4 7. Nxd4 Nf6 8.
Nc3 Nxe4 9. Bxf7+ Kxf7 10. Qh5+ Kf8 11. Nxe4 Nxd4 12. O-O d5 13. Ng3 Bf6 14.
Be3 g6 15. Bh6+ Kf7 16. Qd1 Nf5 17. Nxf5 Bxf5 18. g4 Be6 19. Qf3 g5 20. Rfe1
Rg8 21. h4 Bxg4 22. Qd3 Rg6 0-1

[Event "Guernsey Open 47th"]
[Site "Guernsey"]
[Date "2023.10.18"]
[Round "4"]
[White "Strade, Arita"]
[Black "Cheng, Louis"]
[Result "1-0"]
[WhiteElo "1926"]
[BlackElo "1692"]
[PlyCount "63"]
[EventDate "2023.10.15"]
[EventType "swiss"]
[EventRounds "7"]
[EventCountry "GCI"]
[SourceVersionDate "2023.10.28"]

1. e4 c5 2. Be2 Nc6 3. d3 g6 4. c3 Nf6 5. Nf3 Bg7 6. e5 Nd5 7. Qb3 e6 8. d4
cxd4 9. cxd4 Qb6 10. Na3 Nxd4 11. Qxb6 Nxf3+ 12. Bxf3 Nxb6 13. Bf4 a6 14. O-O-O
Rb8 15. b3 h5 16. Rhe1 Rg8 17. Be3 Nd5 18. Bxd5 exd5 19. Bb6 Bf8 20. Nc2 g5 21.
a4 Rg6 22. a5 Be7 23. Rxd5 Bd8 24. Rd6 Re6 25. Nd4 Rg6 26. Nf5 Bxb6 27. axb6
Rg8 28. Re4 g4 29. Rh6 d5 30. exd6+ Kd7 31. Re7+ Kd8 32. d7 1-0

[Event "Guernsey Open 47th"]
[Site "Guernsey"]
[Date "2023.10.18"]
[Round "4"]
[White "Campbell, Ian"]
[Black "Morgan, Jamie"]
[Result "1-0"]
[WhiteElo "1920"]
[BlackElo "1774"]
[PlyCount "49"]
[EventDate "2023.10.15"]
[EventType "swiss"]
[EventRounds "7"]
[EventCountry "GCI"]
[SourceVersionDate "2023.10.28"]

1. Nf3 c5 2. e3 Nf6 3. b3 g6 4. Bb2 Bg7 5. Be2 O-O 6. O-O Nc6 7. d4 cxd4 8.
exd4 d5 9. c4 Bf5 10. Nc3 dxc4 11. bxc4 Ne4 12. Nd5 Bg4 13. Ne5 Bxe2 14. Qxe2
Nxe5 15. dxe5 Nc5 16. Rfd1 Kh8 17. Rab1 e6 18. Nf6 Qe7 19. Ba3 Bxf6 20. exf6
Qc7 21. Qe3 b6 22. Rd4 Nd7 23. Bd6 Qc6 24. Qh6 Rg8 25. Qxh7+ 1-0

[Event "Guernsey Open 47th"]
[Site "Guernsey"]
[Date "2023.10.18"]
[Round "4"]
[White "Wager, John D"]
[Black "Forbes, Garry"]
[Result "1-0"]
[WhiteElo "2047"]
[BlackElo "1834"]
[PlyCount "93"]
[EventDate "2023.10.15"]
[EventType "swiss"]
[EventRounds "7"]
[EventCountry "GCI"]
[SourceVersionDate "2023.10.28"]

1. d4 c5 2. d5 Nf6 3. Nc3 d6 4. e4 g6 5. f3 Bg7 6. Bb5+ Bd7 7. Bd3 Na6 8. h4
Nc7 9. a4 h5 10. Nh3 Bxh3 11. Rxh3 Rb8 12. Bg5 a6 13. Qe2 Nd7 14. O-O-O Bxc3
15. bxc3 b5 16. axb5 axb5 17. Qe3 b4 18. cxb4 Rxb4 19. Be2 Qa8 20. Qc3 Rh7 21.
Rhh1 Qa5 22. Kd2 Ne5 23. Be3 f6 24. Rb1 Kd7 25. Rxb4 cxb4 26. Qa1 Qxa1 27. Rxa1
Rh8 28. Kc1 Rb8 29. Kb2 e6 30. dxe6+ Nxe6 31. Ra7+ Nc7 32. Kb3 Nc6 33. Ra4 Ne6
34. Bd3 Nc5+ 35. Bxc5 dxc5 36. Bc4 Nd4+ 37. Kb2 Rf8 38. Ra7+ Kd6 39. Rg7 Nc6
40. f4 Na5 41. Bd5 g5 42. hxg5 fxg5 43. Rg6+ Kc7 44. f5 c4 45. Ra6 c3+ 46. Kb1
Nb7 47. Ra7 1-0

[Event "Guernsey Open 47th"]
[Site "Guernsey"]
[Date "2023.10.18"]
[Round "4"]
[White "Murray, J Stephen"]
[Black "Kraft, Karl Heinz"]
[Result "0-1"]
[WhiteElo "1702"]
[BlackElo "1993"]
[PlyCount "60"]
[EventDate "2023.10.15"]
[EventType "swiss"]
[EventRounds "7"]
[EventCountry "GCI"]
[SourceVersionDate "2023.10.28"]

1. e4 e6 2. d4 d5 3. Nd2 Nc6 4. Ngf3 Nf6 5. e5 Nd7 6. Bd3 f6 7. Ng5 Ndxe5 8.
dxe5 fxg5 9. Qh5+ g6 10. Bxg6+ Kd7 11. Ne4 hxg6 12. Qd1 Be7 13. f4 Ke8 14. Ng3
gxf4 15. Bxf4 Bh4 16. Qd3 Bxg3+ 17. Bxg3 Qg5 18. O-O Ne7 19. Rf3 Nf5 20. Bf4
Qe7 21. Raf1 g5 22. Bd2 g4 23. Rf4 g3 24. h3 Bd7 25. Rg4 Qc5+ 26. Kh1 Bb5 27.
Qf3 Bxf1 28. Qxf1 Qf2 29. Qxf2 gxf2 30. Rf4 Ng3+ 0-1

[Event "Guernsey Open 47th"]
[Site "Guernsey"]
[Date "2023.10.18"]
[Round "4"]
[White "Heppell, Ian N"]
[Black "Downey, Keith"]
[Result "1/2-1/2"]
[WhiteElo "1944"]
[BlackElo "1742"]
[PlyCount "33"]
[EventDate "2023.10.15"]
[EventType "swiss"]
[EventRounds "7"]
[EventCountry "GCI"]
[SourceVersionDate "2023.10.28"]

1. e4 c5 2. Nc3 e6 3. g3 Nc6 4. Bg2 g6 5. f4 Bg7 6. Nf3 Nge7 7. O-O O-O 8. d3
Rb8 9. g4 f5 10. gxf5 exf5 11. Qe1 b6 12. Bd2 Ba6 13. Qh4 Nd4 14. Nxd4 cxd4 15.
Ne2 fxe4 16. Bxe4 Nf5 17. Qf2 1/2-1/2

[Event "Guernsey Open 47th"]
[Site "Guernsey"]
[Date "2023.10.18"]
[Round "4"]
[White "Kirk, Matthew"]
[Black "Kennedy, Craig"]
[Result "1/2-1/2"]
[WhiteElo "1747"]
[BlackElo "1797"]
[PlyCount "50"]
[EventDate "2023.10.15"]
[EventType "swiss"]
[EventRounds "7"]
[EventCountry "GCI"]
[SourceVersionDate "2023.10.28"]

1. d4 e6 2. c4 f5 3. Nc3 Bb4 4. g3 Nf6 5. Bg2 O-O 6. Qb3 Qe7 7. Nf3 Bxc3+ 8.
bxc3 d6 9. O-O e5 10. c5+ Be6 11. Qxb7 Bd5 12. Qb4 Nc6 13. cxd6 cxd6 14. Qa4
exd4 15. Nxd4 Bxg2 16. Kxg2 Nxd4 17. Qxd4 Qxe2 18. Ba3 Ne4 19. Rfe1 Qa6 20. Bb4
Qc6 21. f3 Ng5 22. Qf4 Nf7 23. Rad1 a5 24. Bxd6 Nxd6 25. Qxd6 Qxc3 1/2-1/2

[Event "Guernsey Open 47th"]
[Site "Guernsey"]
[Date "2023.10.19"]
[Round "5"]
[White "Grieve, Harry"]
[Black "Gormally, Daniel W"]
[Result "1/2-1/2"]
[WhiteElo "2458"]
[BlackElo "2443"]
[PlyCount "27"]
[EventDate "2023.10.15"]
[EventType "swiss"]
[EventRounds "7"]
[EventCountry "GCI"]
[SourceVersionDate "2023.10.28"]

1. e4 c6 2. d4 d5 3. e5 Bf5 4. h4 h5 5. Bd3 Bxd3 6. Qxd3 e6 7. Bg5 Qb6 8. Nd2
c5 9. c4 Qxb2 10. Rd1 Nc6 11. Ne2 Nb4 12. Qb3 Nc2+ 13. Kf1 Nxd4 14. Nxd4
1/2-1/2

[Event "Guernsey Open 47th"]
[Site "Guernsey"]
[Date "2023.10.19"]
[Round "5"]
[White "Arkell, Keith C"]
[Black "Browning, Isaac"]
[Result "1-0"]
[WhiteElo "2355"]
[BlackElo "1962"]
[PlyCount "73"]
[EventDate "2023.10.15"]
[EventType "swiss"]
[EventRounds "7"]
[EventCountry "GCI"]
[SourceVersionDate "2023.10.28"]

1. c4 g6 2. Nf3 Nf6 3. g3 c6 4. b3 Bg7 5. Bb2 d5 6. Bg2 O-O 7. O-O a5 8. d3 a4
9. Nbd2 Re8 10. Rb1 axb3 11. axb3 Nbd7 12. Ra1 Rxa1 13. Qxa1 Nh5 14. Bxg7 Nxg7
15. d4 Nf6 16. Rc1 Nf5 17. Qa7 Nd6 18. e3 Kg7 19. Ne5 Nde4 20. Nxe4 Nxe4 21.
cxd5 cxd5 22. Qb8 Qd6 23. Qxd6 exd6 24. Nd3 Bf5 25. Nf4 Nd2 26. Bxd5 g5 27. Ne2
Be4 28. Bxe4 Rxe4 29. Rc7 Nxb3 30. Rxb7 Nd2 31. Nc3 Re6 32. Kg2 Ne4 33. d5 Re5
34. Nxe4 Rxe4 35. Rd7 Kf8 36. Rd8+ Ke7 37. Rh8 1-0

[Event "Guernsey Open 47th"]
[Site "Guernsey"]
[Date "2023.10.19"]
[Round "5"]
[White "Hertog, Alexander"]
[Black "Collier, David O"]
[Result "1/2-1/2"]
[WhiteElo "1626"]
[BlackElo "1968"]
[PlyCount "36"]
[EventDate "2023.10.15"]
[EventType "swiss"]
[EventRounds "7"]
[EventCountry "GCI"]
[SourceVersionDate "2023.10.28"]

1. d4 Nf6 2. c4 e6 3. Nf3 b6 4. g3 Ba6 5. b3 Bb4+ 6. Bd2 Be7 7. Bg2 Bb7 8. O-O
O-O 9. Nc3 d6 10. Re1 Ne4 11. d5 Nxc3 12. Bxc3 e5 13. Nxe5 dxe5 14. d6 Bxg2 15.
dxe7 Qxe7 16. Kxg2 Rd8 17. Qc2 Qe6 18. Red1 Nc6 1/2-1/2

[Event "Guernsey Open 47th"]
[Site "Guernsey"]
[Date "2023.10.19"]
[Round "5"]
[White "Rowe, Peter"]
[Black "Giulian, Philip M"]
[Result "1/2-1/2"]
[WhiteElo "1938"]
[BlackElo "2081"]
[PlyCount "38"]
[EventDate "2023.10.15"]
[EventType "swiss"]
[EventRounds "7"]
[EventCountry "GCI"]
[SourceVersionDate "2023.10.28"]

1. d4 d5 2. Bf4 e6 3. Nd2 Bd6 4. Bg3 Nf6 5. e3 O-O 6. Bd3 c5 7. c3 Qc7 8. Ngf3
Nbd7 9. Rc1 e5 10. dxe5 Nxe5 11. Nxe5 Bxe5 12. Bxe5 Qxe5 13. Nf3 Qe7 14. h3 Bd7
15. O-O Bc6 16. c4 Rad8 17. Qe2 Rfe8 18. cxd5 Nxd5 19. Bb5 Bxb5 1/2-1/2

[Event "Guernsey Open 47th"]
[Site "Guernsey"]
[Date "2023.10.19"]
[Round "5"]
[White "Punnett, Alan K"]
[Black "Strade, Arita"]
[Result "1-0"]
[WhiteElo "2071"]
[BlackElo "1926"]
[PlyCount "151"]
[EventDate "2023.10.15"]
[EventType "swiss"]
[EventRounds "7"]
[EventCountry "GCI"]
[SourceVersionDate "2023.10.28"]

1. e4 c5 2. Nf3 d6 3. Bb5+ Bd7 4. Bxd7+ Qxd7 5. O-O Nc6 6. c3 Nf6 7. d4 Nxe4 8.
d5 Ne5 9. Re1 Nxf3+ 10. Qxf3 Nf6 11. c4 h5 12. Nc3 Qg4 13. Qd3 g6 14. Nb5 Qd7
15. Bf4 Kd8 16. a3 a6 17. Nc3 Qf5 18. Qd2 h4 19. Na4 Rc8 20. b4 Ne4 21. Qe3 g5
22. Qxe4 Qxe4 23. Rxe4 gxf4 24. bxc5 Bg7 25. Rb1 Rc7 26. Rxf4 dxc5 27. Rxf7 Bd4
28. Rf3 Kc8 29. Nc3 Rh5 30. Ne2 Re5 31. Nf4 Rf5 32. Ne6 Rxf3 33. gxf3 Rd7 34.
Nxd4 cxd4 35. Rd1 e5 36. dxe6 Rd6 37. Kg2 Kd8 38. Kh3 Ke7 39. Kxh4 Kxe6 40. Kg4
Ke5 41. Re1+ Kf6 42. Kf4 d3 43. Ke3 d2 44. Rd1 Rc6 45. Kd3 Kf5 46. Rxd2 Kf4 47.
Kc3 Kxf3 48. Rd7 b5 49. Rd4 bxc4 50. Rxc4 Rb6 51. h4 Kxf2 52. Kd4 Rh6 53. Ke5
Kg3 54. Kd5 Rh5+ 55. Kc6 Rh6+ 56. Kc5 Kf3 57. Kb4 Ke3 58. Ka5 Kd3 59. Rb4 Kc3
60. Rg4 Kb3 61. Rg3+ Kc4 62. Rh3 Kc5 63. h5 Kc4 64. Ka4 Kc5 65. Kb3 Rb6+ 66.
Kc3 Rh6 67. Rh4 a5 68. Kd3 Kb5 69. Ke3 Kc5 70. Kf4 Rd6 71. h6 Rd4+ 72. Kg5 Rd5+
73. Kf6 Rd6+ 74. Ke7 Rd2 75. h7 Re2+ 76. Kd7 1-0

[Event "Guernsey Open 47th"]
[Site "Guernsey"]
[Date "2023.10.19"]
[Round "5"]
[White "Curtis, John E"]
[Black "Campbell, Ian"]
[Result "1/2-1/2"]
[WhiteElo "2021"]
[BlackElo "1920"]
[PlyCount "55"]
[EventDate "2023.10.15"]
[EventType "swiss"]
[EventRounds "7"]
[EventCountry "GCI"]
[SourceVersionDate "2023.10.28"]

1. d4 g6 2. e4 Bg7 3. Nc3 d6 4. Be3 a6 5. Qd2 Nd7 6. f3 h6 7. h4 e6 8. O-O-O b5
9. Kb1 Bb7 10. g4 Ne7 11. Nh3 Nb6 12. a3 Qd7 13. Bd3 d5 14. Nf4 Nc4 15. Bxc4
bxc4 16. Rhe1 O-O-O 17. b3 cxb3 18. cxb3 dxe4 19. Nxe4 Bxe4+ 20. fxe4 e5 21.
dxe5 Qb5 22. Qc2 Qxe5 23. Ka2 Rxd1 24. Rxd1 Rd8 25. Rc1 Rd7 26. Ne2 Qa5 27. Qc4
Qb5 28. Nd4 1/2-1/2

[Event "Guernsey Open 47th"]
[Site "Guernsey"]
[Date "2023.10.19"]
[Round "5"]
[White "Thurlow, Kevin J"]
[Black "Goris, Ton"]
[Result "1-0"]
[WhiteElo "2020"]
[BlackElo "1881"]
[PlyCount "81"]
[EventDate "2023.10.15"]
[EventType "swiss"]
[EventRounds "7"]
[EventCountry "GCI"]
[SourceVersionDate "2023.10.28"]

1. c4 c5 2. Nc3 Nc6 3. Nf3 g6 4. d4 cxd4 5. Nxd4 Bg7 6. Nc2 Nf6 7. e4 d6 8. Be2
O-O 9. O-O b6 10. Be3 Bb7 11. Qd2 Rc8 12. f3 Re8 13. Rac1 Ne5 14. b3 Ned7 15.
Rfd1 a6 16. Nb4 a5 17. Nbd5 Nxd5 18. cxd5 Rf8 19. Bb5 Nc5 20. g4 Ba6 21. Bd4
Bxb5 22. Nxb5 f6 23. Be3 Qd7 24. Nd4 f5 25. gxf5 gxf5 26. exf5 Rxf5 27. Nxf5
Qxf5 28. Bd4 Kf7 29. Bxg7 Rg8 30. Qe2 Rxg7+ 31. Kh1 h5 32. Rd4 Qf6 33. Rcc4 Ke8
34. b4 axb4 35. Rxb4 h4 36. Rg4 h3 37. Qf1 Rxg4 38. Rxg4 Qh8 39. Rg3 Qd4 40.
Qxh3 Qd1+ 41. Rg1 1-0

[Event "Guernsey Open 47th"]
[Site "Guernsey"]
[Date "2023.10.19"]
[Round "5"]
[White "Kraft, Karl Heinz"]
[Black "Wager, John D"]
[Result "1/2-1/2"]
[WhiteElo "1993"]
[BlackElo "2047"]
[PlyCount "57"]
[EventDate "2023.10.15"]
[EventType "swiss"]
[EventRounds "7"]
[EventCountry "GCI"]
[SourceVersionDate "2023.10.28"]

1. e4 c6 2. d4 d5 3. f3 dxe4 4. fxe4 e5 5. Nf3 exd4 6. Bc4 Be7 7. O-O Nf6 8.
Ng5 Qb6 9. Bxf7+ Kd8 10. c3 h6 11. Ne6+ Bxe6 12. Bxe6 c5 13. Bf5 Nbd7 14. Na3
Rc8 15. Qd3 Rc6 16. Nc4 Qa6 17. e5 Ne8 18. Bxd7 Kxd7 19. Rf7 b5 20. Nd6 Nxd6
21. exd6 Rxd6 22. Qf5+ Ke8 23. Bf4 Re6 24. Rxg7 Rf8 25. Qh5+ Kd8 26. Qd5+ Ke8
27. Qh5+ Kd8 28. Qd5+ Ke8 29. Qh5+ 1/2-1/2

[Event "Guernsey Open 47th"]
[Site "Guernsey"]
[Date "2023.10.19"]
[Round "5"]
[White "Dilleigh, Stephen P"]
[Black "Hamperl, Fred"]
[Result "1/2-1/2"]
[WhiteElo "2031"]
[BlackElo "1998"]
[PlyCount "107"]
[EventDate "2023.10.15"]
[EventType "swiss"]
[EventRounds "7"]
[EventCountry "GCI"]
[SourceVersionDate "2023.10.28"]

1. Nf3 c5 2. c4 Nc6 3. Nc3 e5 4. g3 g6 5. Bg2 Bg7 6. O-O Nge7 7. a3 O-O 8. Rb1
a5 9. Ne1 d6 10. Nc2 f5 11. Ne3 f4 12. Ned5 Nxd5 13. Nxd5 Nd4 14. d3 Bg4 15. f3
Be6 16. e3 fxe3 17. Bxe3 Nf5 18. Bd2 Bxd5 19. cxd5 Qd7 20. Qe2 b5 21. Qe4 b4
22. axb4 axb4 23. Bh3 Ra2 24. Kg2 Qa4 25. Bxf5 gxf5 26. Qc4 Ra8 27. Rf2 Qe8 28.
Be3 Qg6 29. f4 Qe8 30. fxe5 Bxe5 31. Rxf5 Bxb2 32. Kf3 Bg7 33. Re1 Qg6 34. g4
Rxh2 35. Bg1 Rb2 36. Re6 Ra3 37. Rxg6 hxg6 38. Rf4 Rbb3 39. Re4 Rc3 40. Qb5
Rxd3+ 41. Be3 Rxd5 42. Qe8+ Kh7 43. Qf7 Re5 44. Rxe5 dxe5 45. Ke4 b3 46. Qb7
Ra4+ 47. Kd5 Rb4 48. Qe7 b2 49. Qh4+ Kg8 50. Qd8+ Bf8 51. Bxc5 Rd4+ 52. Bxd4
b1=Q 53. Kxe5 Qe1+ 54. Kf4 1/2-1/2

[Event "Guernsey Open 47th"]
[Site "Guernsey"]
[Date "2023.10.19"]
[Round "5"]
[White "Ingham, H William"]
[Black "Rosen, Daniel B"]
[Result "0-1"]
[WhiteElo "1787"]
[BlackElo "1981"]
[PlyCount "115"]
[EventDate "2023.10.15"]
[EventType "swiss"]
[EventRounds "7"]
[EventCountry "GCI"]
[SourceVersionDate "2023.10.28"]

1. d4 f5 2. e4 fxe4 3. Nc3 Nf6 4. Bg5 Nc6 5. d5 Ne5 6. Qd4 Nf7 7. h4 c6 8. Bxf6
exf6 9. O-O-O Qb6 10. Qxe4+ Kd8 11. dxc6 bxc6 12. Nf3 Nd6 13. Qf4 Ne8 14. Bc4
Rb8 15. Bb3 Qc7 16. Qc4 Nd6 17. Qd3 Nb7 18. Rhe1 Nc5 19. Qe3 Qb6 20. Nd4 Kc7
21. Qf4+ Kb7 22. Nf5 d5 23. Nd6+ Ka8 24. Nxc8 Rxc8 25. Na4 Nxa4 26. Qxa4 Bd6
27. Qd4 Bc5 28. Qf4 Bxf2 29. Re2 Bc5 30. c3 Rhd8 31. Qg4 g6 32. h5 f5 33. Qg5
Re8 34. Rde1 Rxe2 35. Rxe2 d4 36. cxd4 Bxd4 37. hxg6 hxg6 38. Qf4 Qc5+ 39. Kb1
Rh8 40. Qc1 Qxc1+ 41. Kxc1 Kb7 42. Bf7 g5 43. Bg6 f4 44. Be4 Be3+ 45. Kd1 Kb6
46. g3 Re8 47. Bf3 fxg3 48. Rc2 Re6 49. Rc4 Rd6+ 50. Ke2 Bf4 51. Rc2 c5 52. b3
Rh6 53. Bd5 Rh2+ 54. Kd3 Rxc2 55. Kxc2 Kb5 56. a4+ Kb4 57. Bg2 Be5 58. Kd3 0-1

[Event "Guernsey Open 47th"]
[Site "Guernsey"]
[Date "2023.10.19"]
[Round "5"]
[White "Cheng, Louis"]
[Black "Santos, Joao Artur Almeida"]
[Result "1/2-1/2"]
[WhiteElo "1692"]
[BlackElo "1964"]
[PlyCount "41"]
[EventDate "2023.10.15"]
[EventType "swiss"]
[EventRounds "7"]
[EventCountry "GCI"]
[SourceVersionDate "2023.10.28"]

1. e4 c5 2. Nc3 e6 3. Nge2 a6 4. g3 g6 5. d4 cxd4 6. Nxd4 Bg7 7. Bg2 Ne7 8. O-O
O-O 9. Be3 d6 10. Qd2 Qc7 11. Bh6 Nbc6 12. Bxg7 Kxg7 13. Rad1 Rd8 14. Kh1 Bd7
15. f4 f6 16. Bh3 Nxd4 17. Qxd4 e5 18. fxe5 fxe5 19. Qf2 Bxh3 20. Qf6+ Kg8 21.
Qf7+ 1/2-1/2

[Event "Guernsey Open 47th"]
[Site "Guernsey"]
[Date "2023.10.19"]
[Round "5"]
[White "Dijksterhuis, Rolf"]
[Black "Gravett, Alan D"]
[Result "0-1"]
[WhiteElo "1872"]
[BlackElo "1810"]
[PlyCount "70"]
[EventDate "2023.10.15"]
[EventType "swiss"]
[EventRounds "7"]
[EventCountry "GCI"]
[SourceVersionDate "2023.10.28"]

1. e4 c5 2. Nf3 Nf6 3. e5 Nd5 4. c4 Nb4 5. b3 d5 6. a3 N4c6 7. cxd5 Qxd5 8. Nc3
Qd8 9. Bc4 e6 10. O-O a6 11. a4 Nd4 12. Nxd4 cxd4 13. Ne4 Nc6 14. f4 d3 15. Bb2
Na5 16. Rc1 Nxc4 17. Rxc4 b5 18. axb5 axb5 19. Rd4 Qb6 20. Kh1 b4 21. Rxd3 Bb7
22. Nd6+ Bxd6 23. Rxd6 Qb5 24. Bd4 Ra2 25. f5 Rxd2 26. Bb6 Rxd6 27. exd6 Qxb6
28. fxe6 fxe6 29. Qh5+ Kd7 30. Qe5 Rd8 31. Rf7+ Kc8 32. Qxe6+ Kb8 33. Rxg7 Qd4
34. Rxb7+ Kxb7 35. Qe7+ Ka6 0-1

[Event "Guernsey Open 47th"]
[Site "Guernsey"]
[Date "2023.10.19"]
[Round "5"]
[White "Morgan, Jamie"]
[Black "Giulian, Rosemary A"]
[Result "0-1"]
[WhiteElo "1774"]
[BlackElo "1866"]
[PlyCount "44"]
[EventDate "2023.10.15"]
[EventType "swiss"]
[EventRounds "7"]
[EventCountry "GCI"]
[SourceVersionDate "2023.10.28"]

1. e4 e6 2. d4 d5 3. exd5 exd5 4. Nf3 Bd6 5. c4 Nf6 6. Nc3 O-O 7. cxd5 Nbd7 8.
Be2 h6 9. O-O Nb6 10. Qb3 a5 11. a4 Nbxd5 12. Ne5 c6 13. Bc4 Bc7 14. Be3 Rb8
15. Rae1 Be6 16. f4 Nxe3 17. Bxe6 Bxe5 18. fxe5 Nxf1 19. Rxf1 Qxd4+ 20. Kh1
fxe6 21. Qxe6+ Kh8 22. Ne2 Ne4 0-1

[Event "Guernsey Open 47th"]
[Site "Guernsey"]
[Date "2023.10.19"]
[Round "5"]
[White "Hawkins, James NH"]
[Black "Kirk, Matthew"]
[Result "1/2-1/2"]
[WhiteElo "1907"]
[BlackElo "1747"]
[PlyCount "53"]
[EventDate "2023.10.15"]
[EventType "swiss"]
[EventRounds "7"]
[EventCountry "GCI"]
[SourceVersionDate "2023.10.28"]

1. e4 c6 2. d4 d5 3. Nc3 dxe4 4. Nxe4 Bf5 5. Ng3 Bg6 6. Nf3 Nd7 7. Bc4 e6 8.
O-O Ngf6 9. Re1 Be7 10. Qe2 O-O 11. Bg5 h6 12. Bd2 Re8 13. Bb3 Qc7 14. Ne5 Nxe5
15. dxe5 Nd7 16. a3 Nc5 17. Ba2 Rad8 18. b4 Na4 19. Bb3 Nb6 20. Rad1 c5 21.
bxc5 Bxc5 22. Bb4 Bxb4 23. axb4 Nd5 24. Bxd5 exd5 25. Rd2 Qc3 26. f4 Be4 27.
Nxe4 1/2-1/2